Sports Quiz

Random Sports or Basketball Quiz

Best of the Best - March Madness Quiz Stats

Quiz Updated Dec 15, 2016

Challenge
Share
Tweet
Embed
Score 0/69 Timer 12:00
19 Plays Today
Points Team % Correct
629Duke
97.6%
656North Carolina
96.6%
877UCLA
93.9%
752Kentucky
92.8%
253Michigan
91.1%
481Kansas
90.4%
204Florida
89.8%
291Michigan St.
88.4%
77Texas
87.4%
269Ohio St.
85.2%
421Indiana
83.8%
227Syracuse
80.4%
266Connecticut
79.1%
186Arizona
78.2%
132Oklahoma
77%
201Georgetown
74.4%
43Florida St.
72.7%
138Wisconsin
72.6%
88Oregon
72.4%
119Illinois
71.4%
70Virginia
70.9%
333Louisville
70.5%
247Villanova
68.9%
171N.C. State
68.4%
129Kansas St.
67.8%
45Gonzaga
67.4%
224Oklahoma State
66.8%
88Iowa
66.2%
125Maryland
66%
43Pittsburgh
65.8%
84LSU
65.6%
102California
64.9%
82Notre Dame
64.3%
131UNLV
63.2%
72Georgia Tech
61.9%
Points Team % Correct
176Arkansas
60.1%
84Purdue
59.9%
68West Virginia
59.3%
78St John's
59.2%
49Missouri
58.1%
94Stanford
57.8%
43Butler
56.8%
162Utah
56.4%
127Memphis
56%
62Wake Forest
55.8%
51Oregon St.
54.6%
59Baylor
54.4%
152Marquette
52.7%
227Cincinnati
50.4%
40Boston College
49.3%
72Temple
42.5%
117Houston
41.1%
55Wichita State
40.7%
54DePaul
38.5%
41Providence
36.3%
47Seton Hall
36.2%
173San Francisco
32.8%
49St. Joseph's
31.8%
73UTEP
30.6%
53Dayton
22.2%
70Wyoming
21.1%
62Loyola U. Chicago
18.2%
96La Salle
15.3%
42NYU
14.9%
64City College of New York
12.1%
70Holy Cross
11.7%
64Bradley
10.7%
56Dartmouth
8.8%
42Santa Clara
6.7%

You're not logged in!

Compare scores with friends on all Sporcle quizzes.
Sign Up with Email
OR
Log In

You Might Also Like...

Show Comments

Extras

Top Quizzes Today


Score Distribution

Your Account Isn't Verified!

In order to create a playlist on Sporcle, you need to verify the email address you used during registration. Go to your Sporcle Settings to finish the process.